<?xml version="1.0" encoding="UTF-8"?>
<collection xmlns="http://www.loc.gov/MARC21/slim">
    <record>
        <controlfield tag="001">45612</controlfield>
        <controlfield tag="005">20170831220518.0</controlfield>
        <datafield tag="037" ind1=" " ind2=" ">
            <subfield code="a">GDOC-2010-1020</subfield>
        </datafield>
        <datafield tag="041" ind1=" " ind2=" ">
            <subfield code="a">spa</subfield>
        </datafield>
        <datafield tag="100" ind1=" " ind2=" ">
            <subfield code="0">(orcid)0000-0002-0048-3036</subfield>
            <subfield code="a">Ciria Cosculluela, José Carlos</subfield>
        </datafield>
        <datafield tag="245" ind1="0" ind2="0">
            <subfield code="9">62634</subfield>
            <subfield code="a">El gobierno de las tecnologías de la información</subfield>
        </datafield>
        <datafield tag="260" ind1=" " ind2=" ">
            <subfield code="a">Zaragoza</subfield>
            <subfield code="b">Universidad de Zaragoza</subfield>
            <subfield code="c">2010-2011</subfield>
        </datafield>
        <datafield tag="520" ind1=" " ind2=" ">
            <subfield code="a">La asignatura consta de 4 créditos ECTS o 100 horas de trabajo del alumno. Uno de los objetivos del Máster es capacitar a los alumnos para coordinar el despliegue de las Tecnologías de la Información bien en la Empresa o en la Administración, en un contexto de Investigación, Desarrollo e Innovación. El Máster está dirigido, entre otros, a graduados recientes que quieren mejorar sus capacidades profesionales y a profesionales que necesitan mejorar su especialización y adecuación al mercado laboral.  El uso de las Tecnologías de la Información (TI) tiene el potencial de ser el mayor motor de riqueza económica del siglo XXI. En la empresa tienen un papel crítico para  garantizar no ya  su competitividad, sino su propia supervivencia; en la Administración, para asegurar un servicio de calidad al ciudadano. Estas expectativas no se satisfacen espontáneamente: no basta con invertir en TI para que la calidad del servicio ofertado mejore automáticamente. Es necesario garantizar la alineación entre las TI y las necesidades y metas de la industria, en un marco sistematizado y consistente para la obtención de valor de las TI y la gestión acertada de sus riesgos. Y en esto consiste, precisamente, el Gobierno de las TI. Esta asignatura es una introducción al  Gobierno de las TI, enfocado como un problema de I+D+i. Las necesidades de la industria motivan una investigación multidisciplinar, cuyo objetivo es definir un paradigma para el Gobierno de las TI que comprenda nociones, patrones, teorías y herramientas que permitan comprender y monitorizar el fenómeno. Los resultados de la investigación deben transferirse a la industria para resolver sus problemas. La asignatura puede ser de interés tanto para investigadores como para profesionales que, dentro de la industria, tengan responsabilidad en el despliegue de las TI.</subfield>
        </datafield>
        <datafield tag="521" ind1=" " ind2=" ">
            <subfield code="9">630</subfield>
            <subfield code="a">Máster Universitario en Ingeniería de Sistemas e Informática</subfield>
        </datafield>
        <datafield tag="540" ind1=" " ind2=" ">
            <subfield code="a">by-nc-sa</subfield>
            <subfield code="b">Creative Commons</subfield>
            <subfield code="c">3.0</subfield>
            <subfield code="u">http://creativecommons.org/licenses/by-nc-sa/3.0/</subfield>
        </datafield>
        <datafield tag="700" ind1=" " ind2=" ">
            <subfield code="0">(orcid)0000-0003-3944-9748</subfield>
            <subfield code="a">Francés Román, Ángel Ramón</subfield>
        </datafield>
        <datafield tag="830" ind1=" " ind2=" ">
            <subfield code="9">345</subfield>
        </datafield>
        <datafield tag="856" ind1="4" ind2=" ">
            <subfield code="s">83413</subfield>
            <subfield code="u">http://zaguan.unizar.es/record/45612/files/guia.pdf</subfield>
            <subfield code="y">Guía (idioma español)</subfield>
        </datafield>
        <datafield tag="980" ind1=" " ind2=" ">
            <subfield code="a">GDOC</subfield>
            <subfield code="b">Ingeniería y Arquitectura</subfield>
            <subfield code="c">106</subfield>
        </datafield>
    </record>

    
</collection>